| 000 | 00672nam a22001817a 4500 | ||
|---|---|---|---|
| 003 | UA-OsUOA | ||
| 001 | 16457 | ||
| 007 | ta | ||
| 008 | 20040112b un ||||| |||| 00| 0 ukr d | ||
| 100 | _aШостак І. | ||
| 942 | _cSA | ||
| 040 |
_aUA-OsUOA _cUA-OsUOA _dUA-OsUOA |
||
| 245 | _aЮрій Любомирський очима польського дослідника [проф. В.Клачевського у монографії " Юрій Севастіан Любомирський"] | ||
| 300 | _aС.41-42 | ||
| 955 | _a0 | ||
| 773 | 0 |
_w0 _tВолання з Волині _dОстріг _d2003 _g№6/Листоп.-Груд./ |
|
| 650 | 7 |
_aВидатні діячі _2UDC |
|
| 999 |
_c302622 _d302622 |
||